Mario Kart Wii - les Personnages [avec image] - Statistiques

Statistiques générales
  • Ce quiz a été pris 146 fois
    43 depuis la dernière actualisation
  • Le résultat moyen est 23 sur 25
Statistiques - réponses
Par images Réponse % Correct
Bébé Daisy
100%
Bébé Luigi
100%
Bébé Mario
100%
Bébé Peach
100%
Bowser
100%
Donkey Kong
100%
Luigi
100%
Mario
100%
Mii Tenue A & B
100%
Princesse Daisy
100%
Princesse Peach
100%
Wario
100%
Yoshi
100%
Toad
97%
Toadette
97%
Waluigi
97%
Roi Boo
93%
Harmonie
90%
Bowser Jr.
83%
Koopa Troopa
83%
Diddy Kong
79%
Birdo
76%
Skelerex
69%
Funky Kong
62%
Bowser Skelet
59%
Aucun quiz correspondant
Distribution des résultats
% des personnes avec chaque résultat
Percentile par nombre de réponses
Votre historique - résultats
Vous n’avez pas pris ce quiz depuis la dernière actualisation